000 01440nam a22003857a 4500
003 CHAP
005 20220329143553.0
008 100611s2010 mx r 00010 spa d
010 _a98675
011 _a99647
035 _a110333
040 _cCHAP
090 _aTesis
100 1 _aMéndez Morelos, Sandra.
_976545
245 1 0 _aDescripción de métodos de injertación en melón /Cucumis melo L.) y sandia (Citrullus lanatus)
_c/por Sandra Méndez Morelos
260 _aChapingo, Méx. :
_bEl autor,
_c2010
300 _av, 46 h. :
_bilus., uadros, gráfs.
502 _aTesis (Ing. Agr. Esp. en Fitotecnia) -- UACH. Departamento de Fitotecnia
530 _aTambién disponible en línea
590 _aALEPH
_b10
_c20130110
_lUCH01
_h1534
590 _aBATCH-UPD
_b10
_c20130110
_lUCH01
_h0921
590 _aBATCH-UPD
_b10
_c20130410
_lUCH01
_h0543
590 _aBATCH-UPD
_b10
_c20130914
_lUCH01
_h1644
590 _aBATCH-UPD
_b10
_c20140324
_lUCH01
_h1517
590 _aBATCH-UPD
_b10
_c20141002
_lUCH01
_h0843
590 _aCONVERSION
_b10
_c20130109
_lUCH01
_h1354
650 1 4 _aInjertos.
_958808
650 1 4 _aMelón.
_974434
650 1 4 _aSandía.
_9102056
856 _3Finding aid
_uhttp://10.13.5.2/tesis/110333.pdf
_zTeclea aqui
901 _aBK
942 _cFOLL
949 _aTesis
_bBC
_cTES
_d33724002171496
_eTS2
_fc.2
_gDonaciØn
_h50727
_i110333
_sb
949 _aTesis
_bBC
_cTES
_d33724002171538
_eTS1
_gDonaciØn
_h50726
_i110333
_sb
999 _c98675
_d98675